LEADER 00831nam a22001577a 4500
020 |a 978-81-203-3946-0 
082 |a 657  |b BOS/A 
100 |a Chandra Bose  |9 170104 
245 |a Advanced Accounting :Volume II 
260 |a New Delhi  |b PHI Learning PVT. LTD.  |c 2010 
300 |a xi+807p. 
650 |a Advanced Accounting :Volume II  |9 170105 
856 |u https://books.google.co.in/books?id=VbVmASwZ5JMC&pg=PR4&lpg=PR4&dq=Advanced+Accounting+:Volume+II+Chandra+Bose&source=bl&ots=-V-2IH2l6S&sig=hrQMDEdj5BvHaY91lBcFRjRBdU0&hl=en&sa=X&ved=0CD0Q6AEwBmoVChMIs-W99rThxgIVCiSOCh0Lqw2R#v=onepage&q=Advanced%20Accounting%20%3AVolume%20II%20Chandra%20Bose&f=false 
942 |c BK 
999 |c 188297  |d 188293 
952 |0 0  |1 0  |4 0  |6 657_000000000000000_BOS_A  |7 0  |8 NFIC  |9 188071  |a SMBS  |b SMBS  |c GEN  |d 2015-07-17  |g 425.00  |l 0  |o 657 BOS/A  |p SMBS3333  |r 2015-07-17  |w 2015-07-17  |y BK